[Event "10th EUR-ch (w)"]
[Site "Sankt Petersburg RUS"]
[Date "2009.03.10"]
[Round "3"]
[White "Grigorieva, Olga"]
[Black "Hairapetian, Anna"]
[Result "0-1"]
[WhiteElo "2016"]
[BlackElo "2177"]
[EventDate "2009.03.08"]
[PlyCount "92"]

1.d4 Nf6 2.c4 g6 3.f3 Bg7 4.e4 d6 5.Nc3 Nc6 6.Nge2 O-O 7.Bg5 h6 8.Be3 a6 
9.Qd2 Kh7 10.g4 b5 11.cxb5 axb5 12.Nxb5 Na5 13.Rc1 c6 14.Na3 Be6 15.Nc3 d5
16.e5 Nd7 17.h4 c5 18.h5 g5 19.Bd3+ Kh8 20.Bxg5 hxg5 21.h6 Bxe5 22.dxe5 
Nxe5 23.Ke2 f6 24.Bb1 Nac6 25.Ncb5 c4 26.Nc2 Nd3 27.Ncd4 Nxd4+ 28.Nxd4 Bd7
29.Bxd3 cxd3+ 30.Qxd3 Rxa2 31.Rc2 e5 32.Nc6 Bxc6 33.Rxc6 Rxb2+ 34.Kf1 Qa5 
35.Rc2 e4 36.fxe4 dxe4 37.Qxe4 Rxc2 38.Qxc2 Re8 39.Qf2 Qa6+ 40.Kg1 Re2 41.
Qd4 Qc6 42.Qd8+ Re8 43.Qd3 Re1+ 44.Kf2 Qxh1 45.Qg6 Qg1+ 46.Kf3 Re3# 0-1

[Event "10th EUR-ch (w)"]
[Site "Sankt Petersburg RUS"]
[Date "2009.03.10"]
[Round "3"]
[White "Mammadova, Gulnar"]
[Black "Nikanova, Ekaterina"]
[Result "1/2-1/2"]
[WhiteElo "2175"]
[BlackElo "2049"]
[EventDate "2009.03.08"]
[PlyCount "139"]

1.e4 c5 2.Nc3 Nc6 3.g3 g6 4.Bg2 Bg7 5.d3 e6 6.f4 Nge7 7.Nf3 d6 8.O-O Nd4 
9.Be3 O-O 10.e5 Nef5 11.Bf2 Nxf3+ 12.Qxf3 Nd4 13.Qd1 dxe5 14.fxe5 Bxe5 15.
Ne4 Qc7 16.c3 Nf5 17.Bxc5 Rd8 18.Qf3 b6 19.Bf2 Ba6 20.Rfd1 h5 21.d4 Bg7 
22.h3 Bb7 23.g4 Nd6 24.Nf6+ Bxf6 25.Qxf6 Bxg2 26.Kxg2 Ne4 27.Qf3 Ng5 28.
Qe3 Qc6+ 29.Kf1 Qb5+ 30.Kg1 hxg4 31.hxg4 f6 32.Bh4 Qxb2 33.Bxg5 fxg5 34.
Qxe6+ Kg7 35.Qe5+ Kh6 36.Qh2+ Qxh2+ 37.Kxh2 Rac8 38.Rd3 Rd5 39.Re1 Rc7 40.
Re2 b5 41.a3 a5 42.Rb2 Re7 43.Kg3 Re4 44.Rbd2 a4 45.Rf2 Rd7 46.Rb2 Rd5 47.
Rf3 Kg7 48.Rbf2 Rd7 49.Rf6 Re3+ 50.R2f3 Rxc3 51.Rf7+ Rxf7 52.Rxc3 Rd7 53.
Rd3 Kf6 54.Kf3 Ke6 55.Re3+ Kd5 56.Re5+ Kxd4 57.Rxb5 Rf7+ 58.Kg3 Rc7 59.
Rxg5 Rc6 60.Kf4 Rf6+ 61.Kg3 Re6 62.Kh4 Kc4 63.Ra5 Kb3 64.Rb5+ Kxa3 65.Kg5 
Ka2 66.Kh6 a3 67.g5 Ka1 68.Rb7 a2 69.Rb8 Rd6 70.Rb7 1/2-1/2

[Event "10th EUR-ch (w)"]
[Site "Sankt Petersburg RUS"]
[Date "2009.03.10"]
[Round "3"]
[White "Ziaziulkina, Nastassia"]
[Black "Zainullina, Natalia"]
[Result "1/2-1/2"]
[WhiteElo "1950"]
[BlackElo "2173"]
[EventDate "2009.03.08"]
[PlyCount "42"]

1.e4 e5 2.Nf3 Nc6 3.Bb5 a6 4.Ba4 Nf6 5.O-O d6 6.c4 Nxe4 7.d4 Bd7 8.Re1 Nf6
9.Bxc6 Bxc6 10.dxe5 dxe5 11.Nxe5 Qxd1 12.Rxd1 Be4 13.Re1 Be7 14.Bg5 Bf5 
15.Nc3 Be6 16.Rad1 Rd8 17.Rxd8+ Bxd8 18.Nd3 O-O 19.b3 h6 20.Be3 Re8 21.h3 
Bf5 1/2-1/2

[Event "10th EUR-ch (w)"]
[Site "Sankt Petersburg RUS"]
[Date "2009.03.10"]
[Round "3"]
[White "Kiseleva, Arina"]
[Black "Kazimova, Narmin"]
[Result "0-1"]
[WhiteElo "1830"]
[BlackElo "2165"]
[EventDate "2009.03.08"]
[PlyCount "100"]

1.d4 Nf6 2.c4 e6 3.Nc3 Bb4 4.e3 b6 5.Nf3 Bb7 6.Be2 Ne4 7.Qc2 O-O 8.O-O f5 
9.a3 Bxc3 10.bxc3 d6 11.a4 a5 12.Ba3 Nd7 13.Rab1 Rf6 14.Rfd1 Rg6 15.c5 Ng5
16.Ne1 Be4 17.Bd3 Nf3+ 18.Kf1 Nxh2+ 19.Ke2 d5 20.cxb6 Nxb6 21.f3 Bxd3+ 22.
Kxd3 Nf1 23.g4 Nxe3 24.Kxe3 Nc4+ 25.Kd3 Nxa3 26.Qe2 Nxb1 27.Rxb1 fxg4 28.
fxg4 Rb8 29.Rxb8 Qxb8 30.Nc2 Qb3 31.Qe5 Qc4+ 32.Kd2 Rf6 33.Qg3 Qf1 34.Qe1 
Qxe1+ 35.Kxe1 Rf3 36.Kd2 Rf2+ 37.Kd1 Rg2 38.Ne3 Ra2 39.Kc1 Re2 40.Nc2 Re4 
41.g5 Rg4 42.Ne3 Rxg5 43.Kd2 h5 44.Ke2 h4 45.Nf1 h3 46.Kf2 Rg2+ 47.Kf3 g5 
48.Ne3 g4+ 49.Nxg4 Rxg4 50.Kxg4 h2 0-1

[Event "10th EUR-ch (w)"]
[Site "Sankt Petersburg RUS"]
[Date "2009.03.10"]
[Round "3"]
[White "Abuladze, Lana"]
[Black "Mamedyarova, Turkan"]
[Result "0-1"]
[WhiteElo "2029"]
[BlackElo "2245"]
[EventDate "2009.03.08"]
[PlyCount "110"]

1.e4 e5 2.Nf3 Nc6 3.d4 exd4 4.Nxd4 Bc5 5.Nxc6 Qf6 6.Qd2 dxc6 7.Bd3 Bd7 8.
O-O O-O-O 9.Qg5 Qxg5 10.Bxg5 f6 11.Bf4 Ne7 12.Nd2 Ng6 13.Bg3 Be6 14.Nf3 
Bg4 15.e5 Bxf3 16.Bxg6 hxg6 17.gxf3 Rd2 18.Rac1 Bd4 19.exf6 gxf6 20.c3 Bb6
21.Rb1 Rhd8 22.Rfe1 g5 23.h4 gxh4 24.Bxh4 Rg8+ 25.Kf1 Rh8 26.Re4 Rxf2+ 27.
Bxf2 Rh1+ 28.Kg2 Rxb1 29.Bxb6 cxb6 30.Re2 Rd1 31.Kg3 Kd7 32.Kf4 Rd5 33.Rh2
Ke6 34.Re2+ Kd6 35.Rh2 a5 36.Ke4 Re5+ 37.Kf4 b5 38.Rd2+ Kc5 39.b3 Re1 40.
Kf5 Re3 41.f4 Rf3 42.Rc2 a4 43.Ke4 Rf1 44.Rb2 axb3 45.axb3 Rc1 46.Kd3 Kd6 
47.Re2 Rb1 48.b4 Kd5 49.Rf2 Rc1 50.Rh2 b6 51.Rh5+ Kd6 52.Rf5 Ke6 53.Rh5 
Rg1 54.Ke3 Rg3+ 55.Kd4 Rf3 0-1

[Event "10th EUR-ch (w)"]
[Site "Sankt Petersburg RUS"]
[Date "2009.03.10"]
[Round "3"]
[White "Goriachkina, Alexandra"]
[Black "Bezgodova, Svetlana"]
[Result "0-1"]
[WhiteElo "2020"]
[BlackElo "2214"]
[EventDate "2009.03.08"]
[PlyCount "120"]

1.d4 d5 2.c4 e6 3.Nc3 Be7 4.Nf3 Nf6 5.Bg5 h6 6.Bh4 O-O 7.e3 Ne4 8.Bxe7 
Qxe7 9.cxd5 Nxc3 10.bxc3 exd5 11.h3 Bf5 12.Qb3 c6 13.Be2 a5 14.O-O a4 15.
Qb4 Qxb4 16.cxb4 a3 17.b5 cxb5 18.Bxb5 Ra5 19.Be2 Re8 20.Ne1 Nc6 21.Bd3 
Bc8 22.Nc2 f5 23.Rab1 g5 24.Rb3 f4 25.Rfb1 Re7 26.Rb5 fxe3 27.fxe3 Rc7 28.
Kf2 Kg7 29.Ke2 g4 30.h4 Rxb5 31.Rxb5 Rf7 32.Ne1 g3 33.Nf3 Bg4 34.Bc2 Rc7 
35.Bb3 Ne7 36.Rc5 Rxc5 37.dxc5 Kf6 38.Ke1 Nf5 39.Bxd5 Nxe3 40.Bxb7 Nxg2+ 
41.Kf1 Bxf3 42.Bxf3 Nxh4 43.Bg4 Ke5 44.c6 Kd6 45.Bd7 Ke7 46.Bg4 Kd8 47.Bd7
h5 48.Kg1 Ng6 49.Kg2 h4 50.Kg1 Nf4 51.Kh1 Kc7 52.Kg1 h3 53.Bxh3 Kxc6 54.
Bg4 Kc5 55.Bd1 Kd4 56.Bb3 Kc3 57.Bg8 Kb2 58.Bc4 Kc3 59.Bg8 Ne2+ 60.Kg2 Kb2
0-1

[Event "10th EUR-ch (w)"]
[Site "Sankt Petersburg RUS"]
[Date "2009.03.10"]
[Round "3"]
[White "Kouvatsou, Maria"]
[Black "Kluchik, Yulia"]
[Result "1-0"]
[WhiteElo "2208"]
[BlackElo "1953"]
[EventDate "2009.03.08"]
[PlyCount "69"]

1.e4 c6 2.d4 g6 3.c4 Bg7 4.Nc3 d6 5.h3 Nd7 6.Nf3 Qc7 7.Be3 Ngf6 8.d5 O-O 
9.Be2 Nb6 10.O-O Bd7 11.Rc1 Rfc8 12.b3 Qd8 13.Qd2 cxd5 14.exd5 Be8 15.Bd4 
Nbd7 16.Rfe1 Nc5 17.Bd1 a6 18.Qe3 e5 19.Nxe5 Qa5 20.Ng4 Nxg4 21.Bxg4 f5 
22.Bf3 Bxd4 23.Qxd4 Nd7 24.Re6 Bf7 25.Re3 Ne5 26.Bd1 b5 27.c5 b4 28.Na4 
Nd7 29.c6 Nc5 30.Nxc5 dxc5 31.Qf6 Rf8 32.Re7 Rae8 33.Bf3 Qd8 34.d6 a5 35.
Rd1 1-0

[Event "10th EUR-ch (w)"]
[Site "Sankt Petersburg RUS"]
[Date "2009.03.10"]
[Round "3"]
[White "Ryanova, Valeria"]
[Black "Stiazhkina, Anna"]
[Result "0-1"]
[WhiteElo "2113"]
[BlackElo "1926"]
[EventDate "2009.03.08"]
[PlyCount "68"]

1.e4 c5 2.Nf3 g6 3.d4 cxd4 4.Nxd4 Bg7 5.Nc3 Nc6 6.Be3 Nf6 7.Bc4 O-O 8.Bb3 
a5 9.a4 Ng4 10.Qxg4 Nxd4 11.Qh4 d6 12.O-O Nxb3 13.cxb3 Be6 14.Bh6 Bxb3 15.
Ra3 Be6 16.Re1 Rc8 17.Nd5 Bxd5 18.Bxg7 Kxg7 19.exd5 e5 20.Qxd8 Rfxd8 21.
Rb3 Rd7 22.Rb5 Rc2 23.Rd1 Rdc7 24.Kf1 Kf8 25.Ke1 R2c5 26.Rb6 Ke7 27.Rd3 
Kd7 28.Rf3 Rc1+ 29.Kd2 R7c2+ 30.Ke3 Kc7 31.Rb5 f5 32.Rh3 h5 33.f4 e4 34.
Rg3 Re1+ 0-1

[Event "10th EUR-ch (w)"]
[Site "Sankt Petersburg RUS"]
[Date "2009.03.10"]
[Round "3"]
[White "De Seroux, Camille"]
[Black "Makka, Evanthia"]
[Result "0-1"]
[WhiteElo "1928"]
[BlackElo "2110"]
[EventDate "2009.03.08"]
[PlyCount "46"]

1.e4 d5 2.exd5 Qxd5 3.Nc3 Qa5 4.d4 Nf6 5.Bd2 Bg4 6.Nf3 Nbd7 7.Bc4 Qb6 8.h3
Bh5 9.g4 Bg6 10.g5 Ne4 11.Nd5 Qc6 12.Ne5 Qd6 13.Bf4 O-O-O 14.Nxf7 Qc6 15.
Nxh8 Qxc4 16.Nxg6 Qxd5 17.Nh4 Nxg5 18.Bxg5 Qxh1+ 19.Kd2 Qxh3 20.Qe2 Nf6 
21.Nf3 Qf5 22.Re1 e5 23.c3 e4 0-1

[Event "10th EUR-ch (w)"]
[Site "Sankt Petersburg RUS"]
[Date "2009.03.10"]
[Round "3"]
[White "Baciu, Diana"]
[Black "Efremova, Daria"]
[Result "1-0"]
[WhiteElo "2107"]
[BlackElo "1910"]
[EventDate "2009.03.08"]
[PlyCount "83"]

1.e4 e6 2.d4 d5 3.Nc3 Nf6 4.e5 Nfd7 5.Nce2 c5 6.f4 Nc6 7.Nf3 Qb6 8.c3 cxd4
9.cxd4 Qc7 10.Nc3 a6 11.Bd3 Nb6 12.Qe2 Bd7 13.Be3 h6 14.O-O Nb4 15.Rfc1 
Qd8 16.Bb1 Nc4 17.Bf2 Be7 18.a3 Nc6 19.Bd3 N6a5 20.Rab1 b5 21.f5 exf5 22.
Nxd5 Be6 23.Nxe7 Qxe7 24.Qc2 Qd7 25.Rd1 g6 26.Nd2 Rc8 27.Nxc4 Nxc4 28.Bxc4
Bxc4 29.Qd2 Qd5 30.Rdc1 Kd7 31.Rc3 Qb7 32.d5 Qxd5 33.Qc2 Ke7 34.b3 Bxb3 
35.Rbxb3 Rxc3 36.Rxc3 Rd8 37.Bc5+ Ke8 38.Bd6 Qd4+ 39.Kh1 Qe4 40.Qc1 f4 41.
Rc8 Qb7 42.Rc7 1-0

[Event "10th EUR-ch (w)"]
[Site "Sankt Petersburg RUS"]
[Date "2009.03.10"]
[Round "3"]
[White "Ovod, Irina"]
[Black "Bezgodova, Maria"]
[Result "0-1"]
[WhiteElo "1777"]
[BlackElo "2101"]
[EventDate "2009.03.08"]
[PlyCount "166"]

1.d4 d5 2.Nf3 c5 3.c3 Nc6 4.e3 Bf5 5.Bd3 Bxd3 6.Qxd3 Nf6 7.O-O e6 8.Nbd2 
a6 9.Re1 Be7 10.Qf1 O-O 11.h3 Qc7 12.g3 Rac8 13.Qg2 Rfe8 14.Nf1 Bd6 15.Bd2
Ne4 16.Rad1 Kh8 17.Bc1 f5 18.N3h2 Rf8 19.f4 g5 20.Nf3 Rg8 21.Ne5 Bxe5 22.
dxe5 Rg6 23.Kh2 Rcg8 24.Re2 Qg7 25.Bd2 gxf4 26.exf4 Nxg3 27.Nxg3 Rxg3 28.
Qf1 Qh6 29.Be1 R3g4 30.Rf2 Ne7 31.Rf3 R4g6 32.Rd2 Qg7 33.Bh4 Re8 34.Bf6 
Rxf6 35.exf6 Qxf6 36.Qf2 Rc8 37.Re3 Ng6 38.Rde2 Rc6 39.Rg3 Kg7 40.Rg5 Kf7 
41.Rh5 Kg7 42.Rg5 Kf7 43.Rh5 Qg7 44.Rg5 Qh6 45.Re1 Qf8 46.Rh5 Kg7 47.Rg1 
Qf6 48.Rgg5 h6 49.Rg1 Kh7 50.Re1 Qf7 51.Qf3 Rc8 52.Qe3 Re8 53.Qxc5 Nxf4 
54.Rh4 Nd3 55.Qe3 Qf6 56.Rxh6+ Qxh6 57.Qxd3 Rg8 58.Rf1 Qg5 59.Qf3 Rg6 60.
c4 dxc4 61.Qxb7+ Kh6 62.Qf3 e5 63.Qf2 Rd6 64.h4 Qd2 65.Kg1 Qxf2+ 66.Rxf2 
Kg6 67.Rg2+ Kh6 68.Rc2 Rd4 69.Re2 Rg4+ 70.Kf1 e4 71.Re3 Rxh4 72.Kg2 Rg4+ 
73.Kh3 Kg5 74.Rc3 Rf4 75.Rxc4 Rf2 76.Rb4 Kf4 77.Rb3 Rf3+ 78.Kg2 Rxb3 79.
axb3 Ke3 80.Kf1 Kd2 81.b4 e3 82.b5 e2+ 83.Kg2 axb5 0-1

[Event "10th EUR-ch (w)"]
[Site "Sankt Petersburg RUS"]
[Date "2009.03.10"]
[Round "3"]
[White "Samigullina, Diana"]
[Black "Tskhadadze, Anna"]
[Result "1-0"]
[WhiteElo "2084"]
[BlackElo "1821"]
[EventDate "2009.03.08"]
[PlyCount "55"]

1.d4 d5 2.c4 e6 3.Nc3 Nf6 4.cxd5 exd5 5.Bg5 Be7 6.e3 O-O 7.Qc2 Be6 8.Bd3 
Nbd7 9.Nf3 Rc8 10.O-O h6 11.Bh4 c5 12.Rad1 c4 13.Be2 a6 14.a4 Ne8 15.Bg3 
Nd6 16.Bxd6 Bxd6 17.e4 dxe4 18.Qxe4 Qc7 19.d5 Nf6 20.Qc2 Bg4 21.h3 Bh5 22.
Nh4 Bxe2 23.Qxe2 Rfe8 24.Qf3 Qd7 25.Nf5 Be7 26.d6 Bd8 27.Nd5 Nxd5 28.Qg4 
1-0

[Event "10th EUR-ch (w)"]
[Site "Sankt Petersburg RUS"]
[Date "2009.03.11"]
[Round "4"]
[White "Foisor, Cristina"]
[Black "Dzagnidze, Nana"]
[Result "1/2-1/2"]
[WhiteElo "2412"]
[BlackElo "2518"]
[EventDate "2009.03.08"]
[PlyCount "99"]

1.Nf3 Nf6 2.g3 d5 3.Bg2 g6 4.c4 Bg7 5.O-O O-O 6.cxd5 Nxd5 7.d4 c5 8.dxc5 
Nc6 9.a3 Bg4 10.h3 Bxf3 11.Bxf3 e6 12.Ra2 Qe7 13.b4 a5 14.b5 Nd4 15.Bxd5 
exd5 16.a4 Rfe8 17.e3 Ne6 18.Ba3 d4 19.c6 Qc7 20.cxb7 Qxb7 21.h4 Rad8 22.
e4 Qxe4 23.Re2 Qf5 24.Rfe1 Rd7 25.Nd2 Rc8 26.Ne4 d3 27.Rd2 Rcd8 28.Re3 Bh6
29.g4 Qf4 30.g5 Bg7 31.Rexd3 Nd4 32.Nf6+ Bxf6 33.gxf6 Qxh4 34.Bb2 Rd5 35.
Bxd4 Rg5+ 36.Rg3 Rxg3+ 37.fxg3 Qxg3+ 38.Rg2 Qf4 39.Qg4 Qxd4+ 40.Qxd4 Rxd4 
41.Rb2 h5 42.b6 Rd8 43.Rb5 Rb8 44.Kf2 Kh7 45.Ke3 Kh6 46.Ke4 g5 47.Kf5 g4 
48.Kf4 Rb7 49.Kg3 Kg6 50.Kh4 1/2-1/2

[Event "10th EUR-ch (w)"]
[Site "Sankt Petersburg RUS"]
[Date "2009.03.11"]
[Round "4"]
[White "Gritsaeva, Oksana"]
[Black "Hoang Thanh Trang"]
[Result "0-1"]
[WhiteElo "2341"]
[BlackElo "2483"]
[EventDate "2009.03.08"]
[PlyCount "100"]

1.Nf3 e6 2.g3 f5 3.Bg2 Nf6 4.c4 Be7 5.O-O O-O 6.Nc3 d6 7.d4 Ne4 8.Qc2 Nxc3
9.Qxc3 a5 10.Qc2 Nc6 11.Bd2 e5 12.d5 Nb8 13.Bc3 Nd7 14.b3 Qe8 15.a3 Nf6 
16.Ng5 Qg6 17.Ne6 Bxe6 18.dxe6 c6 19.c5 dxc5 20.Bxe5 Ng4 21.Bf4 Qxe6 22.e4
fxe4 23.Bxe4 Rxf4 24.gxf4 Qh6 25.Rfe1 Bf6 26.Rad1 Bd4 27.Re2 Qxf4 28.h3 
Bxf2+ 29.Rxf2 Nxf2 30.Bxh7+ Kh8 31.Qxf2 Qxf2+ 32.Kxf2 Kxh7 33.Rd7 b5 34.
Rc7 a4 35.bxa4 Rxa4 36.Rxc6 c4 37.Rc5 Rxa3 38.Rxb5 Rxh3 39.Rc5 Rh4 40.Ke2 
Kh6 41.Kf3 g5 42.Rc8 Rf4+ 43.Kg3 Kg6 44.Rc6+ Kf5 45.Rc5+ Kf6 46.Kg2 g4 47.
Kg3 Re4 48.Rd5 Ke6 49.Rd8 Ke5 50.Rd7 c3 0-1

[Event "10th EUR-ch (w)"]
[Site "Sankt Petersburg RUS"]
[Date "2009.03.11"]
[Round "4"]
[White "Arakhamia-Grant, Ketevan"]
[Black "Kovanova, Baira"]
[Result "1/2-1/2"]
[WhiteElo "2500"]
[BlackElo "2386"]
[EventDate "2009.03.08"]
[PlyCount "108"]

1.e4 e5 2.Nf3 Nc6 3.Bb5 a6 4.Ba4 Nf6 5.O-O Be7 6.Re1 b5 7.Bb3 d6 8.c3 O-O 
9.h3 Na5 10.Bc2 c5 11.d4 Nd7 12.d5 Nc4 13.b3 Ncb6 14.a4 bxa4 15.bxa4 Nc4 
16.Bd3 Na5 17.Nbd2 Qc7 18.c4 Rb8 19.Qc2 Nb6 20.Bb2 Bd7 21.Bc3 Nc8 22.Rab1 
Rxb1 23.Rxb1 Bd8 24.Nf1 Ne7 25.Ne3 Ng6 26.Kh2 Nf4 27.Bf1 g6 28.g3 Nh5 29.
Bd3 Bc8 30.Ng1 Ng7 31.f4 Nb7 32.f5 Bg5 33.Ng2 Qd7 34.Rf1 h5 35.a5 f6 36.
Qd1 gxf5 37.exf5 Re8 38.Be4 Nd8 39.Nf3 Nf7 40.h4 Bh6 41.Nfe1 Qb7 42.Nd3 
Bd7 43.Nf2 Kf8 44.Bc2 Qc8 45.g4 hxg4 46.Nxg4 Ke7 47.Qf3 Rh8 48.Kg1 Rg8 49.
Nh2 Qf8 50.Kh1 Rh8 51.Rb1 Qc8 52.Rf1 Qg8 53.Rb1 Qc8 54.Rf1 Qg8 1/2-1/2

[Event "10th EUR-ch (w)"]
[Site "Sankt Petersburg RUS"]
[Date "2009.03.11"]
[Round "4"]
[White "Romanko, Marina"]
[Black "Gvetadze, Sopio"]
[Result "0-1"]
[WhiteElo "2451"]
[BlackElo "2377"]
[EventDate "2009.03.08"]
[PlyCount "68"]

1.d4 d5 2.c4 e6 3.Nf3 Nf6 4.e3 Be7 5.Bd3 b6 6.O-O O-O 7.b3 c5 8.Bb2 Nc6 9.
Nbd2 dxc4 10.Nxc4 Bb7 11.dxc5 Bxc5 12.Qe2 Nd5 13.Rad1 Qe7 14.Bb1 b5 15.
Ncd2 a6 16.Ne4 Bb6 17.Ng3 Rad8 18.Qc2 f5 19.e4 Ncb4 20.Qc1 fxe4 21.Bxe4 
Nf4 22.Rxd8 Bxd8 23.Qb1 Bxe4 24.Nxe4 Nbd3 25.Ne5 Nxb2 26.Qxb2 Bb6 27.Kh1 
Qd8 28.Qb1 Qd5 29.Ng4 Nd3 30.f3 h5 31.Nh6+ Kh8 32.Rd1 Qxe4 33.fxe4 Nf2+ 
34.Kg1 Nxd1+ 0-1

[Event "10th EUR-ch (w)"]
[Site "Sankt Petersburg RUS"]
[Date "2009.03.11"]
[Round "4"]
[White "Cherednichenko, Svetlana"]
[Black "Kovalevskaya, Ekaterina"]
[Result "0-1"]
[WhiteElo "2367"]
[BlackElo "2442"]
[EventDate "2009.03.08"]
[PlyCount "102"]

1.d4 Nf6 2.Nf3 d5 3.e3 Bf5 4.c4 e6 5.Nc3 Be7 6.b3 O-O 7.Be2 Ne4 8.Nxe4 
dxe4 9.Nd2 c5 10.dxc5 Na6 11.c6 bxc6 12.Bb2 Bf6 13.Bxf6 Qxf6 14.O-O Rfd8 
15.Qc1 Rd7 16.a3 Rad8 17.Ra2 Nc5 18.b4 Nd3 19.Bxd3 Rxd3 20.Rc2 Bg4 21.Nxe4
Qg6 22.Ng3 h5 23.f3 Bxf3 24.gxf3 h4 25.Kf2 hxg3+ 26.hxg3 Rxa3 27.Rd2 Rxd2+
28.Qxd2 Rd3 29.Qe2 Rb3 30.b5 cxb5 31.cxb5 Qh5 32.Kg1 Qe5 33.f4 Rxe3 34.Qd2
Qc5 35.Kg2 Rc3 36.Qd8+ Qf8 37.Qd7 Qa8+ 38.Kh3 Rc5 39.Kg4 Rd5 40.Qc7 Rxb5 
41.Rd1 Rb8 42.Rd7 Rf8 43.Qxa7 Qh1 44.f5 Qe4+ 45.Kh3 Qxf5+ 46.g4 Qf3+ 47.
Kh4 Rc8 48.Qa6 Qh1+ 49.Kg3 Rc3+ 50.Kf4 Qf3+ 51.Ke5 Qg3+ 0-1

[Event "10th EUR-ch (w)"]
[Site "Sankt Petersburg RUS"]
[Date "2009.03.11"]
[Round "4"]
[White "Lomineishvili, Maia"]
[Black "Zayats, Elena"]
[Result "1/2-1/2"]
[WhiteElo "2437"]
[BlackElo "2364"]
[EventDate "2009.03.08"]
[PlyCount "96"]

1.d4 Nf6 2.c4 e6 3.Nc3 Bb4 4.Qc2 d5 5.cxd5 exd5 6.Bg5 c5 7.dxc5 h6 8.Bh4 
g5 9.Bg3 Ne4 10.e3 Qa5 11.Rc1 Nc6 12.Bd3 Bxc3+ 13.bxc3 Nxc5 14.Nf3 b6 15.
h4 g4 16.Ne5 Nxe5 17.Bxe5 Nxd3+ 18.Qxd3 Ba6 19.Qf5 Rg8 20.Rc2 Rc8 21.Bf6 
Qc5 22.Rd2 Bc4 23.Rd4 Rc6 24.Rf4 Qa3 25.Rxc4 Qc1+ 26.Ke2 Qb2+ 27.Kf1 Qa1+ 
28.Ke2 Qxa2+ 29.Ke1 Qxc4 30.Qe5+ Re6 31.Qb8+ Kd7 32.Qxa7+ Qc7 33.Qa4+ Qc6 
34.Qa7+ Kd6 35.Qxf7 Ra8 36.Bg7 Kc5 37.c4 Kxc4 38.Qf5 Ra2 39.Kf1 Rd2 40.Kg1
Rd1+ 41.Kh2 g3+ 42.fxg3 Rxh1+ 43.Kxh1 Rxe3 44.Qf1+ Kb3 45.Qd1+ Qc2 46.
Qxd5+ Qc4 47.Qd1+ Qc2 48.Qd5+ Qc4 1/2-1/2

[Event "10th EUR-ch (w)"]
[Site "Sankt Petersburg RUS"]
[Date "2009.03.11"]
[Round "4"]
[White "Aginian, Nelly"]
[Black "Khurtsidze, Nino"]
[Result "0-1"]
[WhiteElo "2335"]
[BlackElo "2421"]
[EventDate "2009.03.08"]
[PlyCount "92"]

1.e4 c5 2.Nf3 e6 3.d4 cxd4 4.Nxd4 a6 5.Bd3 Nf6 6.O-O d6 7.c4 b6 8.Nc3 Bb7 
9.f4 g6 10.Kh1 Bg7 11.Nf3 Nbd7 12.Qe2 O-O 13.Bd2 Qc7 14.Rac1 Rfe8 15.b4 
Qd8 16.Rce1 Rc8 17.e5 dxe5 18.fxe5 Ng4 19.Be4 Bxe4 20.Nxe4 Ndxe5 21.Nxe5 
Nxe5 22.c5 bxc5 23.bxc5 Rf8 24.Bg5 Qc7 25.Qxa6 Ra8 26.Qe2 f5 27.Nf6+ Bxf6 
28.Bxf6 Rxf6 29.Qxe5 Qxe5 30.Rxe5 Rxa2 31.Rc1 Ra7 32.c6 Rc7 33.Kg1 Kf7 34.
Kf2 Ke7 35.Ke3 Kd6 36.Rec5 e5 37.R5c4 Rf8 38.Rd1+ Ke6 39.Rb1 Rfc8 40.Rb7 
h5 41.Ra4 Rxc6 42.Rb2 Rc2 43.Rb6+ R8c6 44.Raa6 Rxb6 45.Rxb6+ Kf7 46.Kf3 h4
0-1

[Event "10th EUR-ch (w)"]
[Site "Sankt Petersburg RUS"]
[Date "2009.03.11"]
[Round "4"]
[White "Pogonina, Natalia"]
[Black "Paulet, Iozefina"]
[Result "1-0"]
[WhiteElo "2467"]
[BlackElo "2315"]
[EventDate "2009.03.08"]
[PlyCount "153"]

1.e4 c5 2.Nf3 d6 3.d4 cxd4 4.Nxd4 Nf6 5.Nc3 a6 6.Be2 e5 7.Nb3 Be7 8.O-O 
O-O 9.Re1 Be6 10.Bf3 Nc6 11.Be3 a5 12.Nc1 a4 13.a3 Ra5 14.Nd5 Bxd5 15.exd5
Nd4 16.Bxd4 exd4 17.Qxd4 Nd7 18.Nd3 Bf6 19.Qb4 Qc7 20.c3 Ra6 21.Rad1 Rfa8 
22.Qe4 g6 23.Nb4 Ra5 24.Be2 Nc5 25.Qf4 Be5 26.Qe3 Qd7 27.f4 Bf6 28.Bf3 Kf8
29.Qd2 Na6 30.Nd3 Nc5 31.Nf2 h5 32.g3 Rb5 33.Be2 Rb6 34.Bf1 Kg7 35.Re3 Re8
36.Rxe8 Qxe8 37.Bc4 Qc8 38.Re1 Qf5 39.Bf1 Qd7 40.Nd1 Qc8 41.Ne3 Nb3 42.Qf2
Qc5 43.Nc4 Nd4 44.Rd1 Qxd5 45.cxd4 Rb3 46.Ne3 Qe4 47.Ng2 b5 48.Qd2 d5 49.
Ne1 h4 50.Bg2 Qf5 51.gxh4 Qg4 52.Rc1 Bxh4 53.Nd3 g5 54.Ne5 Qf5 55.Bxd5 Rh3
56.Bg2 Rb3 57.Nf3 Rd3 58.Qe2 Qxf4 59.Qe5+ Qxe5 60.dxe5 Rb3 61.Rc2 b4 62.
axb4 Rxb4 63.Bf1 Rg4+ 64.Rg2 Re4 65.Nxh4 Rxh4 66.Rxg5+ Kh6 67.Rf5 Kg6 68.
Rf6+ Kg7 69.Rb6 Re4 70.Rb5 Re1 71.Kf2 Rb1 72.h4 Ra1 73.Rb7 a3 74.bxa3 Rxa3
75.Bc4 Rc3 76.Rxf7+ Kg6 77.Rf4 1-0

[Event "10th EUR-ch (w)"]
[Site "Sankt Petersburg RUS"]
[Date "2009.03.11"]
[Round "4"]
[White "Savina, Anastasia"]
[Black "Pahtz, Elisabeth"]
[Result "1/2-1/2"]
[WhiteElo "2297"]
[BlackElo "2455"]
[EventDate "2009.03.08"]
[PlyCount "69"]

1.d4 d6 2.Nf3 g6 3.c4 Bg7 4.Nc3 Bg4 5.e4 Bxf3 6.gxf3 Nc6 7.Be3 e5 8.d5 Nd4
9.Nb5 c5 10.dxc6 bxc6 11.Nxd4 exd4 12.Bxd4 Qa5+ 13.Ke2 Nf6 14.Bc3 Qc7 15.
Bg2 O-O 16.Re1 d5 17.e5 Nh5 18.Kf1 Rad8 19.Qa4 Qc8 20.cxd5 cxd5 21.Rad1 
Rfe8 22.f4 Qf5 23.Rd4 g5 24.fxg5 Rxe5 25.Qa5 Rxe1+ 26.Bxe1 Bxd4 27.Qxd8+ 
Kg7 28.Qxd5 Qd3+ 29.Kg1 Nf4 30.Qe4 Ne2+ 31.Kh1 Qd1 32.Bf1 Qxe1 33.Qxe2 
Qxe2 34.Bxe2 Bxf2 35.Kg2 1/2-1/2

[Event "10th EUR-ch (w)"]
[Site "Sankt Petersburg RUS"]
[Date "2009.03.11"]
[Round "4"]
[White "Tomilova, Elena"]
[Black "Gaponenko, Inna"]
[Result "1/2-1/2"]
[WhiteElo "2300"]
[BlackElo "2450"]
[EventDate "2009.03.08"]
[PlyCount "42"]

1.c4 Nf6 2.Nc3 e5 3.g3 c6 4.Bg2 d5 5.cxd5 cxd5 6.d3 d4 7.Nb1 Nc6 8.Nf3 Bd6
9.O-O O-O 10.Nbd2 Re8 11.Ng5 Be7 12.Qb3 Rf8 13.Nc4 h6 14.Ne4 Nd5 15.Ned2 
Be6 16.Qxb7 Ncb4 17.Nxe5 Rb8 18.Qxa7 Ra8 19.Qb7 Rb8 20.Qa7 Ra8 21.Qb7 Rb8 
1/2-1/2

[Event "10th EUR-ch (w)"]
[Site "Sankt Petersburg RUS"]
[Date "2009.03.11"]
[Round "4"]
[White "Muzychuk, Maria"]
[Black "Nebolsina, Vera"]
[Result "0-1"]
[WhiteElo "2427"]
[BlackElo "2312"]
[EventDate "2009.03.08"]
[PlyCount "136"]

1.e4 c5 2.Nc3 d6 3.Bb5+ Bd7 4.Bxd7+ Qxd7 5.f4 Nc6 6.Nf3 g6 7.O-O Bg7 8.d3 
Nf6 9.h3 d5 10.e5 Ng8 11.a4 h5 12.d4 c4 13.b3 cxb3 14.cxb3 Nh6 15.Ba3 Nf5 
16.Qd3 O-O 17.Ne2 Rfc8 18.g4 hxg4 19.hxg4 Nfxd4 20.Nfxd4 Qxg4+ 21.Kf2 Nxd4
22.Qxd4 Rc2 23.Rae1 Rac8 24.Bb4 Qh3 25.Rg1 Qxb3 26.Rg3 Qxa4 27.Ra3 Qd7 28.
Rc3 Rc4 29.Rxc4 Rxc4 30.Qd2 Bxe5 31.Rc1 Rxc1 32.Qxc1 Bf6 33.Qe3 d4 34.Qd3 
Qg4 35.Bc5 Qh4+ 36.Kg2 Qg4+ 37.Kf2 Qh4+ 38.Kg2 g5 39.Bxd4 gxf4 40.Bxf6 
Qxf6 41.Kf3 e5 42.Nc3 Qh4 43.Qc4 Qg3+ 44.Ke4 f3 45.Qc8+ Kg7 46.Nd5 f2 47.
Ne3 Qf4+ 48.Kd3 f1=Q+ 49.Nxf1 Qxf1+ 50.Ke3 Qf4+ 51.Ke2 b5 52.Qb7 Qc4+ 53.
Ke3 Qd4+ 54.Ke2 b4 55.Qg2+ Kf6 56.Qf3+ Ke6 57.Qc6+ Kf5 58.Qf3+ Qf4 59.Qh5+
Ke6 60.Qh3+ Ke7 61.Qc8 Qe4+ 62.Kf2 b3 63.Qc7+ Kf6 64.Qd8+ Kg7 65.Qg5+ Kh7 
66.Qh5+ Kg8 67.Qg5+ Qg6 68.Qxe5 Qb6+ 0-1

[Event "10th EUR-ch (w)"]
[Site "Sankt Petersburg RUS"]
[Date "2009.03.11"]
[Round "4"]
[White "Stepovaya, Tatiana"]
[Black "Dolzhikova, Kateryna"]
[Result "1-0"]
[WhiteElo "2379"]
[BlackElo "2294"]
[EventDate "2009.03.08"]
[PlyCount "117"]

1.e4 c5 2.d3 Nc6 3.f4 d6 4.Nf3 g6 5.g3 Bg7 6.Bg2 e6 7.O-O Nge7 8.c3 O-O 9.
Be3 b6 10.Bf2 Ba6 11.Re1 Rc8 12.Na3 d5 13.e5 Qd7 14.Nc2 Bb7 15.d4 c4 16.
Qe2 b5 17.g4 Rce8 18.Bh3 Bc8 19.Bg3 Nd8 20.Ne3 f5 21.exf6 Bxf6 22.Ne5 Bxe5
23.fxe5 g5 24.Qd2 h6 25.Qc2 Rf7 26.Bf1 Kg7 27.Be2 Ng6 28.Ng2 Qe7 29.Qd2 
Bd7 30.Rf1 Rxf1+ 31.Rxf1 Rf8 32.Bf3 Rf7 33.Qf2 Qf8 34.h4 h5 35.gxh5 g4 36.
Qc2 Ne7 37.Be2 Rxf1+ 38.Bxf1 Qf3 39.Bf4 Nf5 40.Qf2 Be8 41.Bg5 Qxf2+ 42.
Kxf2 Nc6 43.Nf4 Bf7 44.Be2 g3+ 45.Kg2 b4 46.Bg4 b3 47.axb3 Ne3+ 48.Kxg3 
Nxg4 49.Kxg4 cxb3 50.Nd3 Na5 51.Nc5 Nc4 52.Bc1 Na5 53.Kg5 Bg8 54.Nd7 Bh7 
55.Nf6 Bd3 56.h6+ Kh8 57.Nd7 Nc4 58.Kf6 a5 59.Nc5 1-0

[Event "10th EUR-ch (w)"]
[Site "Sankt Petersburg RUS"]
[Date "2009.03.11"]
[Round "4"]
[White "Daulyte, Deimante"]
[Black "Demina, Yulia"]
[Result "0-1"]
[WhiteElo "2279"]
[BlackElo "2361"]
[EventDate "2009.03.08"]
[PlyCount "108"]

1.e4 c5 2.Nf3 d6 3.d4 cxd4 4.Nxd4 Nf6 5.Nc3 a6 6.Bg5 e6 7.f4 h6 8.Bh4 Nc6 
9.Nb3 Be7 10.Qf3 g5 11.Bg3 gxf4 12.Bxf4 Ne5 13.Qe2 b5 14.O-O-O Qc7 15.a3 
Bd7 16.Qd2 Rc8 17.Bd3 h5 18.Rhf1 Rg8 19.Kb1 Rb8 20.Bg5 Rg6 21.h4 a5 22.Ne2
Nc4 23.Qc3 e5 24.Bxc4 bxc4 25.Ng3 Be6 26.Bxf6 Bxf6 27.Nf5 Be7 28.g3 a4 29.
Nc1 Rg4 30.Rde1 Qb7 31.Na2 Rxe4 32.Ng7+ Kd7 33.Rxe4 Qxe4 34.Nxh5 Qe2 35.
Nf6+ Bxf6 36.Rxf6 Ke7 37.Rf3 d5 38.Nc1 Qe4 39.Re3 Qd4 40.Qxd4 exd4 41.Rf3 
Kd6 42.Ka1 Kc5 43.Ne2 Bg4 44.Nxd4 Kxd4 45.Rf4+ Ke3 46.Rxg4 d4 47.c3 d3 48.
Kb1 f5 49.Rxc4 Rg8 50.Rf4 Rxg3 51.Rf1 f4 52.Kc1 d2+ 53.Kc2 f3 54.h5 Rh3 
0-1